000 00775nam a2200205 a 4500
001 000046327
005 20201002052806.0
008 150723s2009 sp abc 000 0 spa d
020 _a9788449438653
040 _aDO-SdBNP
_bspa
_cBNPHU
245 0 0 _aSagrada Biblia :
_bilustrada a todo color /
_ctextos Félix Torres Amant ; traducción P. Petisco ; prólogo Luis Serrallach.
260 _aBarcelona, :
_bGrupo Oceano,
_c2009.
300 _a1535 p. :
_bil., mapas, retrato. ;
_c29 cm.
500 _aIncluye índice completo de los libros de la bíblia.
500 _aIncluye ministerío de Jesús
500 _aIncluye milagros de Jesús
700 1 2 _aTorres Amant, Félix
_etextos
_974347
700 1 2 _aPetisco, P.
_etrad.
_974348
700 1 2 _aSerrallach, Luis
_eprol.
_974349
999 _c45816
_d45816